القانون الدولي للبحار وفقاً لإتفاقية قانون البحار لعام 1982 مع دراسة عن الخليج العربي / (رقم التسجيلة. 4656)

تفاصيل مارك
000 -LEADER
fixed length control field 00608nam a22001697a 4500
005 - DATE AND TIME OF LATEST TRANSACTION
control field 20251108164135.0
008 - FIXED-LENGTH DATA ELEMENTS--GENERAL INFORMATION
fixed length control field 250721s1989 xx 000 0 ara d
082 14 - DEWEY DECIMAL CLASSIFICATION NUMBER
Classification number 341.57/جاب
100 1# - MAIN ENTRY--PERSONAL NAME
Personal name الراوي، جابر إبراهيم
245 10 - TITLE STATEMENT
Title القانون الدولي للبحار وفقاً لإتفاقية قانون البحار لعام 1982 مع دراسة عن الخليج العربي /
264 1# - PRODUCTION, PUBLICATION, DISTRIBUTION, MANUFACTURE, AND COPYRIGHT NOTICE
Place of production, publication, distribution, manufacture بغداد :
Name of producer, publisher, distributor, manufacturer جامعة بغداد،
Date of production, publication, distribution, manufacture, or copyright notice 1989.
300 ## - PHYSICAL DESCRIPTION
Extent 374ص
650 17 - SUBJECT ADDED ENTRY--TOPICAL TERM
Topical term or geographic name as entry element القانون البحري
650 17 - SUBJECT ADDED ENTRY--TOPICAL TERM
Topical term or geographic name as entry element الخليج العربي
942 ## - ADDED ENTRY ELEMENTS (KOHA)
Source of classification or shelving scheme Dewey Decimal Classification
Koha item type كتب
المقتنيات
حالة السحب حالة الفقدان مصدر التصنيف حالة التلف غير قابل للإعارة المكتبة الرئيسية المكتبة الحالية موقع الرف تاريخ التزويد الرقم المتسلسل Total Checkouts رقم الإستدعاء تاريخ آخر ظهور تاريخ الفاتورة نوع المادة (كوها) الباركود
    Dewey Decimal Classification     مكتبة الحسن العامة مكتبة الحسن العامة الإعارة 15/09/2018 05332   341.57/جاب 28/07/2025 15/09/2018 كتب PLD00431710
    Dewey Decimal Classification     مكتبة النصر العامة مكتبة النصر العامة الإعارة 05/01/2015 (2384)   341.57/جاب 28/07/2025 05/01/2015 كتب PLD00313529
    Dewey Decimal Classification Unchecked   مكتبة صويلح العامة مكتبة صويلح العامة الإعارة 06/07/2004 1121   341.57/جاب 28/07/2025 06/07/2004 كتب  
Implemented & Customized by: BBB with SCIT (Smart Chains for Information Technology)

Powered by Koha